[Event "4NCL Division 2b"]
[Site "De Vere, Staverton Park ENG"]
[Date "2013.02.23"]
[Round "5.55"]
[White "Jaunooby, Ali Reza"]
[Black "Swindells, Jonathan E"]
[Result "1-0"]
[WhiteElo "2189"]
[BlackElo "2167"]
[PlyCount "77"]
[EventDate "2013.02.23"]
[WhiteTeam "3Cs 1"]
[BlackTeam "The AD's"]

1. d4 Nf6 2. c4 g6 3. g3 Bg7 4. Bg2 O-O 5. Nc3 d6 6. e3 c6 7. Nge2 e5 8. h3
Nbd7 9. b3 Re8 10. O-O e4 11. g4 h6 12. Qc2 d5 13. cxd5 cxd5 14. Nb5 Re6 15.
Qc7 Qe8 16. Qg3 Rc6 17. Nc7 Qd8 18. Nxa8 Bf8 19. f4 b5 20. Bd2 Ba3 21. Qe1 Qe7
22. Ba5 b4 23. Nc7 a6 24. g5 hxg5 25. fxg5 Nh5 26. h4 Qd6 27. Qf2 f5 28. Nf4
Nxf4 29. Qxf4 Kf7 30. h5 Nf8 31. Nxd5 Qxd5 32. Bxe4 Qxa5 33. Bxc6 Ne6 34. hxg6+
Kxg6 35. Be8+ Kg7 36. Qh4 Qd5 37. Qh6+ Kg8 38. g6 Qb7 39. Rxf5 1-0

[Event "4NCL Division 2b"]
[Site "De Vere, Staverton Park ENG"]
[Date "2013.02.23"]
[Round "5.56"]
[White "Besedin, Pavel"]
[Black "Walton, Alan J"]
[Result "1-0"]
[WhiteElo "2081"]
[BlackElo "2153"]
[PlyCount "75"]
[EventDate "2013.02.23"]
[WhiteTeam "The AD's"]
[BlackTeam "3Cs 1"]

1. e4 e6 2. d4 d5 3. Nc3 Nf6 4. e5 Nfd7 5. f4 c5 6. Nf3 Nc6 7. Be3 Be7 8. Qd2
f6 9. Be2 O-O 10. O-O fxe5 11. Nxe5 cxd4 12. Nxc6 bxc6 13. Bxd4 Nf6 14. Bf3 Qa5
15. Rf2 Bd8 16. a3 Rb8 17. b4 Qa6 18. Be5 Ra8 19. b5 cxb5 20. Nxd5 exd5 21.
Bxd5+ Nxd5 22. Qxd5+ Be6 23. Qxa8 Bb6 24. Qf3 Qc8 25. Kh1 Bxf2 26. Qxf2 Qd7 27.
h3 Rd8 28. Kh2 Bf5 29. c3 Be4 30. Re1 Qb7 31. Bd4 a6 32. Qg3 Rd7 33. f5 Bxf5
34. Re8+ Kf7 35. Rb8 Qc7 36. Be5 Qc5 37. Qxg7+ Ke6 38. Qf6+ 1-0

[Event "4NCL Division 2b"]
[Site "De Vere, Staverton Park ENG"]
[Date "2013.02.23"]
[Round "5.57"]
[White "McKenna, Jason P"]
[Black "Bellin, Jana M"]
[Result "1-0"]
[WhiteElo "2143"]
[BlackElo "2128"]
[PlyCount "81"]
[EventDate "2013.02.23"]
[WhiteTeam "3Cs 1"]
[BlackTeam "The AD's"]

1. e4 c5 2. Nf3 e6 3. d4 cxd4 4. Nxd4 a6 5. Bd3 Nf6 6. O-O d6 7. c4 b6 8. Nc3
Bb7 9. Qe2 Nc6 10. Nxc6 Bxc6 11. f4 Be7 12. b3 O-O 13. Bb2 b5 14. cxb5 Qb6+ 15.
Kh1 axb5 16. e5 dxe5 17. fxe5 Nd5 18. Nxd5 Bxd5 19. Bxb5 Rac8 20. Bd3 Qb7 21.
Rf4 Rc7 22. Raf1 Bc5 23. Rh4 g6 24. Bc1 Rfc8 25. Bg5 Be7 26. Bf6 Rc1 27. Rhf4
Ba3 28. h4 Rxf1+ 29. Rxf1 Rc3 30. Rd1 Qb4 31. Kh2 Qf4+ 32. g3 Qb4 33. Bc4 Rc1
34. Bxd5 Rxd1 35. Qxd1 exd5 36. Qxd5 Qc3 37. Qd8+ Bf8 38. Qd5 Qb2+ 39. Kh3 Qxa2
40. e6 Qa7 41. Qd7 1-0

[Event "4NCL Division 2b"]
[Site "De Vere, Staverton Park ENG"]
[Date "2013.02.23"]
[Round "5.61"]
[White "Buckley, David E"]
[Black "Poobalasingam, Peter S"]
[Result "1-0"]
[WhiteElo "2257"]
[BlackElo "2211"]
[PlyCount "121"]
[EventDate "2013.02.23"]
[WhiteTeam "Bristol 1"]
[BlackTeam "Barbican Youth"]

1. d4 Nf6 2. c4 g6 3. Nc3 Bg7 4. e4 d6 5. Be2 O-O 6. Nf3 Bg4 7. Be3 Nfd7 8. Rc1
c5 9. d5 Na6 10. O-O Nc7 11. Re1 a6 12. a4 Re8 13. h3 Bxf3 14. Bxf3 e6 15. dxe6
Nxe6 16. Qxd6 Nd4 17. Bxd4 cxd4 18. Nd5 Ne5 19. Qxd8 Raxd8 20. Red1 f5 21. exf5
gxf5 22. Be2 f4 23. Kf1 Nd7 24. b4 Be5 25. c5 Kg7 26. b5 axb5 27. axb5 Nf6 28.
Nxf6 Kxf6 29. Bd3 Re7 30. Ra1 Rc7 31. Rdc1 Rd5 32. c6 bxc6 33. Ra6 Rd6 34. bxc6
f3 35. gxf3 Rd5 36. Rb6 Bf4 37. Rc4 Rd6 38. Ke2 Re7+ 39. Kd1 Rde6 40. Be4 Bc7
41. Rb5 Rd6 42. Rh5 Rg7 43. Rh6+ Kg5 44. Rxd6 Bxd6 45. Rxd4 Bc7 46. Ke2 Kf6 47.
Kd3 Ke6 48. Kc4 Bb6 49. Rd5 Bc7 50. Bf5+ Kf6 51. Bd7 Rg1 52. Rd2 Ke5 53. Re2+
Kf4 54. Re7 Rc1+ 55. Kd5 Rd1+ 56. Ke6 Rd6+ 57. Kf7 Kg5 58. Re5+ Kh4 59. Re4+
Kg5 60. Rg4+ Kh6 61. Rh4+ 1-0

[Event "4NCL Division 2b"]
[Site "De Vere, Staverton Park ENG"]
[Date "2013.02.23"]
[Round "5.62"]
[White "Sanders, Isaac B"]
[Black "Rudd, Jack"]
[Result "1-0"]
[WhiteElo "2139"]
[BlackElo "2297"]
[PlyCount "107"]
[EventDate "2013.02.23"]
[WhiteTeam "Barbican Youth"]
[BlackTeam "Bristol 1"]

1. c4 e5 2. Nc3 Nc6 3. Nf3 g6 4. e3 f5 5. d4 e4 6. Nd2 Nf6 7. Qb3 Bg7 8. Be2
O-O 9. O-O Kh8 10. f3 exf3 11. Nxf3 d6 12. Bd2 Bd7 13. Nd5 Ne4 14. Be1 Rb8 15.
Bd3 Ne7 16. Bxe4 fxe4 17. Bh4 exf3 18. Bxe7 Qe8 19. Bxf8 Qxf8 20. Rxf3 Qd8 21.
Raf1 c6 22. Nc3 Be6 23. d5 Bg8 24. e4 b5 25. cxb5 cxb5 26. Ne2 a5 27. Nf4 Be5
28. Rh3 Qf6 29. Rhf3 Qd8 30. Kh1 Qe7 31. Qc2 Qg7 32. b3 g5 33. Nd3 Bd4 34. Nc1
Be5 35. Ne2 Qh6 36. Rh3 Qg6 37. Rhf3 Qh6 38. g3 Qg6 39. Rf5 Re8 40. Qd3 Bg7 41.
Nd4 b4 42. Nc6 h6 43. Nd4 Rc8 44. Ne6 Rc3 45. Qd1 Be5 46. Qg4 Rc2 47. R5f2 Rc3
48. Rf8 Bg7 49. Rxg8+ Kxg8 50. Nxg7 Qxg7 51. Qe6+ Kh7 52. Rf7 Rc1+ 53. Kg2 Rc2+
54. Kf1 1-0

[Event "4NCL Division 2b"]
[Site "De Vere, Staverton Park ENG"]
[Date "2013.02.23"]
[Round "5.63"]
[White "Beaumont, Chris R"]
[Black "Moss, Guy"]
[Result "1-0"]
[WhiteElo "2273"]
[BlackElo "1964"]
[PlyCount "77"]
[EventDate "2013.02.23"]
[WhiteTeam "Bristol 1"]
[BlackTeam "Barbican Youth"]

1. c4 Nf6 2. Nf3 c6 3. g3 d5 4. Bg2 Bf5 5. cxd5 cxd5 6. Qb3 Qd7 7. d3 Nc6 8.
Bf4 e6 9. O-O Be7 10. Nc3 O-O 11. Rac1 h6 12. e4 Bh7 13. exd5 exd5 14. d4 Na5
15. Qd1 a6 16. Na4 Rac8 17. Rxc8 Qxc8 18. Qe2 Qe8 19. Nc3 Bb4 20. Ne5 Qe6 21.
Rc1 Rd8 22. Na4 Nd7 23. Qh5 Nxe5 24. Bxe5 Nc6 25. a3 Nxe5 26. dxe5 Be7 27. Bh3
Bg6 28. Bxe6 Bxh5 29. Bf5 Be2 30. f4 d4 31. Kf2 d3 32. Rc8 b5 33. Rxd8+ Bxd8
34. Nc5 Bb6 35. b4 g6 36. Be4 Kf8 37. Ke3 Ke7 38. Bxd3 Bxd3 39. Kxd3 1-0

[Event "4NCL Division 2b"]
[Site "De Vere, Staverton Park ENG"]
[Date "2013.02.23"]
[Round "5.65"]
[White "Dilleigh, Stephen P"]
[Black "Ayvazyan, Nikita"]
[Result "1/2-1/2"]
[WhiteElo "2112"]
[BlackElo "1940"]
[PlyCount "73"]
[EventDate "2013.02.23"]
[WhiteTeam "Bristol 1"]
[BlackTeam "Barbican Youth"]

1. d4 d5 2. c4 c6 3. Nf3 Nf6 4. e3 a6 5. Nc3 b5 6. b3 Bg4 7. Be2 Nbd7 8. O-O e6
9. h3 Bh5 10. Bb2 Bd6 11. Ne5 Bxe2 12. Nxe2 bxc4 13. bxc4 Qb8 14. Qc2 Nxe5 15.
dxe5 Bxe5 16. Bxe5 Qxe5 17. cxd5 cxd5 18. Qc6+ Ke7 19. Qb7+ Nd7 20. Nd4 Qd6 21.
Rfc1 Qb6 22. Rab1 Qxb7 23. Rxb7 Rhc8 24. Rxc8 Rxc8 25. Ra7 Rc1+ 26. Kh2 h5 27.
h4 g6 28. Rxa6 Ne5 29. Kg3 Kf6 30. Ra7 Nc4 31. Nf3 Nd6 32. Ng5 Rh1 33. f4 Nf5+
34. Kf2 Nh6 35. Kg3 Nf5+ 36. Kf2 Nh6 37. Kg3 1/2-1/2

[Event "4NCL Division 2b"]
[Site "De Vere, Staverton Park ENG"]
[Date "2013.02.23"]
[Round "5.66"]
[White "Brett, Andrew R"]
[Black "Bennett, Dominic L"]
[Result "1-0"]
[WhiteElo "2105"]
[BlackElo "2009"]
[PlyCount "45"]
[EventDate "2013.02.23"]
[WhiteTeam "Barbican Youth"]
[BlackTeam "Bristol 1"]

1. e4 c5 2. Nf3 Nc6 3. Bb5 Qb6 4. Nc3 e6 5. O-O a6 6. Bxc6 Qxc6 7. d4 cxd4 8.
Nxd4 Qc7 9. Re1 d6 10. Bg5 Nf6 11. Bxf6 gxf6 12. Qf3 Bg7 13. Nf5 exf5 14. Nd5
Qc6 15. exf5+ Kf8 16. Qe4 h6 17. Re3 Bxf5 18. Qxf5 Re8 19. Rae1 Rxe3 20. Rxe3
Rg8 21. Rc3 Bh8 22. Rxc6 Rxg2+ 23. Kxg2 1-0

[Event "4NCL Division 2b"]
[Site "De Vere, Staverton Park ENG"]
[Date "2013.02.23"]
[Round "5.67"]
[White "Thompson, Robert"]
[Black "Morrison, Lynne GP"]
[Result "1-0"]
[WhiteElo "1954"]
[BlackElo "1905"]
[PlyCount "103"]
[EventDate "2013.02.23"]
[WhiteTeam "Bristol 1"]
[BlackTeam "Barbican Youth"]

1. Nf3 d5 2. g3 Nf6 3. Bg2 c6 4. O-O Bg4 5. d4 e6 6. Nbd2 Bd6 7. c4 Nbd7 8. b3
e5 9. dxe5 Nxe5 10. Bb2 Nxf3+ 11. Nxf3 dxc4 12. bxc4 O-O 13. Qb3 Rb8 14. Rfd1
Qe7 15. Bd4 Bc5 16. Qb2 Bxd4 17. Rxd4 c5 18. Rd2 Rbd8 19. Rad1 Rxd2 20. Qxd2 b6
21. h3 Bh5 22. g4 Bg6 23. g5 Nh5 24. e3 f6 25. Qd7 Re8 26. Qxe7 Rxe7 27. gxf6
Nxf6 28. Nh4 Be4 29. Bxe4 Rxe4 30. Nf5 Re6 31. Rd3 Kf8 32. f3 g6 33. Nd6 Kg7
34. Nb5 a6 35. Nc3 Kf7 36. Kf2 Ke8 37. e4 g5 38. Nd5 Nxd5 39. Rxd5 h6 40. Kg3
Ke7 41. h4 gxh4+ 42. Kxh4 Rg6 43. Rd2 Rg1 44. Rb2 Rg6 45. f4 Kd7 46. Kh5 Rd6
47. e5 Rd4 48. f5 Rxc4 49. Rxb6 Rf4 50. Kg6 h5 51. f6 h4 52. e6+ 1-0

[Event "4NCL Division 2b"]
[Site "De Vere, Staverton Park ENG"]
[Date "2013.02.23"]
[Round "5.68"]
[White "Verma, Aditya"]
[Black "Wang, Alyssa"]
[Result "0-1"]
[WhiteElo "1587"]
[BlackElo "1558"]
[PlyCount "79"]
[EventDate "2013.02.23"]
[WhiteTeam "Barbican Youth"]
[BlackTeam "Bristol 1"]

1. e4 c6 2. d4 d5 3. Nd2 dxe4 4. Nxe4 Bf5 5. Ng3 Bg6 6. Nf3 Nd7 7. h4 h6 8. h5
Bh7 9. Bd3 Bxd3 10. Qxd3 e6 11. Bd2 Ngf6 12. O-O-O Qc7 13. Ne4 Nxe4 14. Qxe4
Nf6 15. Qd3 O-O-O 16. Be3 Bd6 17. Qb3 Ng4 18. d5 Nxe3 19. fxe3 exd5 20. Qc3
Rhg8 21. Nh4 Be5 22. Qa3 Kb8 23. Nf5 Rde8 24. Rhf1 Re6 25. Kb1 Bf6 26. Qd3 Bg5
27. Rde1 Re4 28. Nd4 Rge8 29. Nf5 Qe5 30. Rf3 g6 31. Ng3 Bh4 32. Nxe4 dxe4 33.
Qc4 Bxe1 34. Rxf7 Qxh5 35. a3 Qd1+ 36. Ka2 Qd5 37. Qxd5 cxd5 38. Rf6 Bd2 39.
Rxg6 Bxe3 40. g4 0-1

[Event "4NCL Division 2b"]
[Site "De Vere, Staverton Park ENG"]
[Date "2013.02.23"]
[Round "5.71"]
[White "Dargan, Paul AG"]
[Black "Adams, David M"]
[Result "0-1"]
[WhiteElo "2150"]
[BlackElo "2216"]
[PlyCount "55"]
[EventDate "2013.02.23"]
[WhiteTeam "North East England"]
[BlackTeam "White Rose 2"]

1. e4 d6 2. d4 Nf6 3. Nc3 e5 4. Nf3 Nbd7 5. g4 Nxg4 6. Rg1 Ngf6 7. Bc4 h6 8.
dxe5 dxe5 9. Be3 c6 10. Qd3 b5 11. Bb3 Qa5 12. O-O-O Ba6 13. Nd2 O-O-O 14. Bxf7
Nc5 15. Qf1 Qc7 16. Bg6 b4 17. Ne2 Kb8 18. f3 Ne6 19. Qf2 c5 20. Ng3 c4 21. Nf5
Nd4 22. Nxd4 exd4 23. Bxd4 Rxd4 24. e5 Qxe5 25. Rge1 Qc5 26. Qxd4 Qxd4 27. Ne4
Qb6 28. Nxf6 0-1

[Event "4NCL Division 2b"]
[Site "De Vere, Staverton Park ENG"]
[Date "2013.02.23"]
[Round "5.72"]
[White "Weller, Jean-Luc"]
[Black "Coathup, Roger H"]
[Result "0-1"]
[WhiteElo "2176"]
[BlackElo "2123"]
[PlyCount "80"]
[EventDate "2013.02.23"]
[WhiteTeam "White Rose 2"]
[BlackTeam "North East England"]

1. d4 Nf6 2. Bg5 e6 3. e4 h6 4. Bxf6 Qxf6 5. Nc3 d6 6. Qd2 c6 7. f4 e5 8. dxe5
dxe5 9. f5 Bb4 10. Nf3 Nd7 11. a3 Ba5 12. b4 Bc7 13. Nd1 Qe7 14. Ne3 Nf6 15.
Bd3 a5 16. Rb1 O-O 17. g4 Rd8 18. Qg2 axb4 19. axb4 Bd6 20. b5 Bb4+ 21. Ke2
Rxd3 22. Kxd3 Qd6+ 23. Ke2 Nxe4 24. Rb3 Nc3+ 25. Kf2 e4 26. Qg3 exf3 27. Qxd6
Ne4+ 28. Kxf3 Ng5+ 29. Kg2 Bxd6 30. Rd1 Be7 31. Re1 Bd7 32. Nd5 Bc5 33. Nc3
cxb5 34. h4 Bc6+ 35. Kg3 Nf3 36. Rd1 Nd4 37. Rb2 b4 38. Nb1 Re8 39. Rd3 Re2 40.
Ra2 Bd6+ 0-1

[Event "4NCL Division 2b"]
[Site "De Vere, Staverton Park ENG"]
[Date "2013.02.23"]
[Round "5.73"]
[White "Maroroa, Sue Y"]
[Black "Arnott, Jonathan W"]
[Result "1-0"]
[WhiteElo "2055"]
[BlackElo "2188"]
[PlyCount "41"]
[EventDate "2013.02.23"]
[WhiteTeam "North East England"]
[BlackTeam "White Rose 2"]

1. e4 e6 2. d4 d5 3. Nd2 Nf6 4. e5 Nfd7 5. Bd3 c5 6. c3 Nc6 7. Ngf3 g6 8. h4 h6
9. Bc2 b6 10. c4 cxd4 11. cxd5 exd5 12. e6 Ba6 13. Nb3 Qf6 14. exd7+ Kxd7 15.
Bd3 Re8+ 16. Kf1 Bxd3+ 17. Qxd3 Bc5 18. Bd2 Re4 19. Rc1 Kd6 20. Nxc5 bxc5 21.
Qa3 1-0

[Event "4NCL Division 2b"]
[Site "De Vere, Staverton Park ENG"]
[Date "2013.02.23"]
[Round "5.75"]
[White "Davey, Mark"]
[Black "Weller, Pierre"]
[Result "0-1"]
[WhiteElo "1990"]
[BlackElo "2124"]
[PlyCount "80"]
[EventDate "2013.02.23"]
[WhiteTeam "North East England"]
[BlackTeam "White Rose 2"]

1. e4 e6 2. d4 d5 3. Nd2 Be7 4. Ngf3 Nf6 5. Bd3 c5 6. e5 Nfd7 7. c3 Nc6 8. Bb1
g5 9. h3 h5 10. Nb3 b6 11. Nh2 a5 12. a4 Ba6 13. f4 gxf4 14. Bxf4 Qc7 15. Nf3
O-O-O 16. Qd2 cxd4 17. Nbxd4 Ncxe5 18. Nxe5 Nxe5 19. b4 Bd6 20. Bxe5 Bxe5 21.
Bd3 Bg3+ 22. Kd1 Bc4 23. Rf1 axb4 24. cxb4 Be5 25. Qe3 Rhg8 26. a5 Bxd4 27.
Qxd4 Rxg2 28. axb6 Bb3+ 29. Ke1 Qg3+ 30. Rf2 Rxf2 31. b7+ Kd7 32. Bb5+ Ke7 33.
Qc5+ Rd6 34. Qxf2 Qc3+ 35. Ke2 Bc4+ 36. Bxc4 dxc4 37. Qh4+ f6 38. b8=Q Rd2+ 39.
Kf1 Qf3+ 40. Ke1 Qe2# 0-1

[Event "4NCL Division 2b"]
[Site "De Vere, Staverton Park ENG"]
[Date "2013.02.23"]
[Round "5.76"]
[White "Shaw, Peter"]
[Black "Kendall, Paul SN"]
[Result "1-0"]
[WhiteElo "2151"]
[BlackElo "2054"]
[PlyCount "131"]
[EventDate "2013.02.23"]
[WhiteTeam "White Rose 2"]
[BlackTeam "North East England"]

1. d4 Nf6 2. c4 e6 3. Nc3 Bb4 4. Qc2 Nc6 5. Nf3 O-O 6. a3 Bxc3+ 7. Qxc3 Ne4 8.
Qc2 f5 9. b4 d6 10. Bb2 Qe7 11. e3 Nb8 12. Bd3 Nf6 13. O-O Bd7 14. Nd2 Qf7 15.
e4 Qh5 16. Rae1 c5 17. bxc5 dxc5 18. exf5 exf5 19. d5 Na6 20. Re7 Rad8 21. Nf3
Nb8 22. Rfe1 Bc8 23. h3 Rf7 24. R7e5 g6 25. Qc3 Bd7 26. Re7 Rdf8 27. Rxf7 Rxf7
28. Qe5 Rf8 29. Qd6 Ne4 30. Bxe4 fxe4 31. Rxe4 Bxh3 32. Qe5 Qxe5 33. Rxe5 Bd7
34. Re7 Rf7 35. Rxf7 Kxf7 36. Be5 Na6 37. Bd6 Bf5 38. Ne5+ Ke8 39. g4 Bc2 40.
f4 Kd8 41. Kf2 b6 42. g5 Nc7 43. Ke3 a6 44. Bxc7+ Kxc7 45. Kd2 Be4 46. Ng4 b5
47. Nf6 Bg2 48. Kc3 Kd6 49. Nxh7 bxc4 50. Nf6 Bxd5 51. f5 gxf5 52. g6 Be6 53.
g7 f4 54. g8=Q Bxg8 55. Nxg8 f3 56. Nf6 Ke5 57. Nh5 Ke4 58. Kxc4 f2 59. Ng3+
Kf3 60. Nf1 Ke2 61. Nh2 Kd2 62. a4 a5 63. Kxc5 Kc3 64. Nf1 Kd3 65. Ng3 Kc3 66.
Kb5 1-0

[Event "4NCL Division 2b"]
[Site "De Vere, Staverton Park ENG"]
[Date "2013.02.23"]
[Round "5.78"]
[White "Kirby, Peter J"]
[Black "Reynolds, Mark A"]
[Result "1/2-1/2"]
[WhiteElo "2005"]
[BlackElo "1903"]
[PlyCount "53"]
[EventDate "2013.02.23"]
[WhiteTeam "White Rose 2"]
[BlackTeam "North East England"]

1. c4 f5 2. g3 Nf6 3. Bg2 g6 4. Nc3 Bg7 5. e4 d6 6. Nge2 Nc6 7. d3 O-O 8. O-O
e5 9. Nd5 Be6 10. b4 fxe4 11. dxe4 Qd7 12. b5 Na5 13. Qa4 b6 14. Nec3 Kh8 15.
Nxf6 Bxf6 16. Nd5 a6 17. Be3 Nb7 18. Qb3 Bxd5 19. exd5 axb5 20. cxb5 Ra5 21. a4
Nc5 22. Bxc5 bxc5 23. Qc4 Qg7 24. Ra2 Rfa8 25. Rb1 Qd7 26. Be4 Bg7 27. Kg2
1/2-1/2

[Event "4NCL Division 2b"]
[Site "De Vere, Staverton Park ENG"]
[Date "2013.02.23"]
[Round "5.81"]
[White "Snuverink, Jochem"]
[Black "Jones, Victor GL"]
[Result "1-0"]
[WhiteElo "2346"]
[BlackElo "2240"]
[PlyCount "135"]
[EventDate "2013.02.23"]
[WhiteTeam "Kings Head"]
[BlackTeam "KJCA Kings"]

1. e4 e6 2. d4 d5 3. Nc3 Bb4 4. Qd3 dxe4 5. Qxe4 Nf6 6. Qh4 c5 7. dxc5 Bxc3+ 8.
bxc3 Qa5 9. Bd2 Nc6 10. Bd3 Qxc5 11. Ne2 Ne5 12. O-O Bd7 13. Rab1 Bc6 14. Nd4
Nxd3 15. cxd3 O-O 16. Bg5 Nd5 17. c4 Nc3 18. Rb2 Rfe8 19. Be3 Na4 20. Rb3 Qd6
21. Nxc6 Qxc6 22. Rb5 e5 23. Qh5 g6 24. Qh4 e4 25. d4 b6 26. Rc1 Rac8 27. h3
Qd6 28. Rd5 Qe6 29. Re5 Qd6 30. Rxe4 Rxe4 31. Qxe4 Qe6 32. Qb7 Nb2 33. d5 Qe8
34. d6 Rd8 35. Qd5 Qe6 36. Qd4 Na4 37. Rd1 Nc5 38. Bf4 f6 39. h4 Kf7 40. h5 Rd7
41. hxg6+ hxg6 42. f3 Qe2 43. Bg3 Kg7 44. Rd2 Qe6 45. Kf2 Kf7 46. Bf4 Kg7 47.
g4 Qf7 48. Re2 Ne6 49. Qe4 Nc5 50. Qd4 Ne6 51. Qe3 Nc5 52. g5 fxg5 53. Bxg5 Kg8
54. Be7 Qf5 55. Rd2 Ne6 56. Rd5 Qh3 57. Ke1 Qg3+ 58. Kd1 Kf7 59. Kc2 Qf4 60.
Qc3 Nc5 61. Kb1 Ne6 62. Ka1 Nc5 63. Bg5 Qh2 64. Qf6+ Kg8 65. Qxg6+ Rg7 66. Qe8+
Kh7 67. Bc1 Rg6 68. Qf7+ 1-0

[Event "4NCL Division 2b"]
[Site "De Vere, Staverton Park ENG"]
[Date "2013.02.23"]
[Round "5.82"]
[White "Green, Andrew D"]
[Black "McMichael, Richard J"]
[Result "1/2-1/2"]
[WhiteElo "2152"]
[BlackElo "2248"]
[PlyCount "57"]
[EventDate "2013.02.23"]
[WhiteTeam "KJCA Kings"]
[BlackTeam "Kings Head"]

1. e4 e6 2. d3 d5 3. Qe2 Be7 4. Nf3 c5 5. g3 Nc6 6. Bg2 Nf6 7. O-O b6 8. e5 Nd7
9. c4 d4 10. h4 h6 11. h5 Bb7 12. Re1 Nf8 13. Nbd2 Qc7 14. a3 a5 15. Bh3 Nd7
16. Nf1 a4 17. N1h2 Na5 18. Bf4 Nf8 19. Ng4 O-O-O 20. Bg2 Nb3 21. Rab1 Nh7 22.
Nd2 Nxd2 23. Bxd2 Bxg2 24. Kxg2 Qc6+ 25. Qe4 Kc7 26. f4 Nf8 27. Kf3 Nd7 28. Re2
Ra8 29. Nf2 1/2-1/2

[Event "4NCL Division 2b"]
[Site "De Vere, Staverton Park ENG"]
[Date "2013.02.23"]
[Round "5.83"]
[White "Haria, Ravi"]
[Black "Foord, Dominic"]
[Result "0-1"]
[WhiteElo "2053"]
[BlackElo "2099"]
[PlyCount "70"]
[EventDate "2013.02.23"]
[WhiteTeam "Kings Head"]
[BlackTeam "KJCA Kings"]

1. e4 e5 2. Nf3 Nc6 3. Bb5 a6 4. Ba4 Nf6 5. O-O Be7 6. Bxc6 dxc6 7. d3 Qd6 8.
b3 Be6 9. Bb2 Nd7 10. Nbd2 O-O-O 11. a4 f6 12. Qe2 c5 13. Nc4 Bxc4 14. dxc4 Nb8
15. Rfd1 Qe6 16. Rd5 Nc6 17. c3 Na5 18. b4 Nc6 19. b5 Na5 20. Rad1 b6 21. Nd2
Kb7 22. Nf1 Ka7 23. Ne3 Nb7 24. f3 a5 25. Ba3 g6 26. Rxd8 Bxd8 27. Nd5 Nd6 28.
Qd3 Kb7 29. Nxb6 Kxb6 30. Bxc5+ Kb7 31. Bxd6 cxd6 32. Qxd6 Bb6+ 33. Kh1 Rd8 34.
c5 Rxd6 35. Rxd6 Qxd6 0-1

[Event "4NCL Division 2b"]
[Site "De Vere, Staverton Park ENG"]
[Date "2013.02.23"]
[Round "5.84"]
[White "Jones, William EG"]
[Black "Balaji, Ananthanarayanan"]
[Result "1/2-1/2"]
[WhiteElo "2111"]
[BlackElo "1919"]
[PlyCount "121"]
[EventDate "2013.02.23"]
[WhiteTeam "KJCA Kings"]
[BlackTeam "Kings Head"]

1. e4 e5 2. Nf3 Nc6 3. Bb5 a6 4. Ba4 Nf6 5. O-O b5 6. Bb3 Bc5 7. a4 Bb7 8. d3
O-O 9. Nc3 b4 10. Nd5 Na5 11. Nxf6+ Qxf6 12. Bg5 Qg6 13. Ba2 d6 14. Be7 Rfe8
15. Nxe5 dxe5 16. Bxc5 Nc6 17. f4 Rad8 18. fxe5 Nxe5 19. Qe2 a5 20. Rf5 Bc8 21.
Rf4 Be6 22. Bxe6 Qxe6 23. b3 Ng6 24. Rff1 f5 25. Rae1 fxe4 26. Qxe4 Qxe4 27.
dxe4 Re6 28. Rf5 Rd2 29. Rf2 Rd5 30. Ba7 Rde5 31. Bb8 Rc6 32. Rd1 Re8 33. Ba7
h6 34. Re1 Rce6 35. Rfe2 Nf4 36. Re3 Rc6 37. g3 Ne6 38. R3e2 Ra6 39. Bf2 Ng5
40. Kg2 Rae6 41. e5 Rd8 42. h4 Nf7 43. g4 Rd5 44. Bg3 Kf8 45. Rf1 Ke7 46. Ref2
Nxe5 47. Bxe5 Rexe5 48. Rf7+ Kd6 49. Rxg7 Re2+ 50. Rf2 Rdd2 51. Rg6+ Kd5 52.
Rxe2 Rxe2+ 53. Kf3 Rxc2 54. Rxh6 Rc3+ 55. Ke2 c5 56. g5 Rxb3 57. g6 Rg3 58.
Rh5+ Kd6 59. Rh6 Kd5 60. Rh5+ Kd6 61. Rh6 1/2-1/2

[Event "4NCL Division 2b"]
[Site "De Vere, Staverton Park ENG"]
[Date "2013.02.23"]
[Round "5.85"]
[White "Guthrie, David W"]
[Black "Sathyanandha, Saravanan"]
[Result "1-0"]
[WhiteElo "2170"]
[BlackElo "2097"]
[PlyCount "87"]
[EventDate "2013.02.23"]
[WhiteTeam "Kings Head"]
[BlackTeam "KJCA Kings"]

1. d4 Nf6 2. Nf3 e6 3. c4 b6 4. Nc3 Bb4 5. e3 Bb7 6. Bd3 O-O 7. O-O d5 8. a3
Bd6 9. b4 a5 10. b5 dxc4 11. Bxc4 Nbd7 12. Re1 e5 13. e4 exd4 14. Qxd4 Ng4 15.
Bg5 Qe8 16. e5 Ngxe5 17. Nxe5 Bxe5 18. Qg4 Qc8 19. Rac1 Bxc3 20. Rxc3 Nc5 21.
Qh4 Qf5 22. Be7 Rfe8 23. Rce3 Qd7 24. Bxc5 bxc5 25. Re7 Rxe7 26. Qxe7 Qxe7 27.
Rxe7 Rd8 28. f3 h6 29. Rxc7 Bd5 30. Rxc5 Bxc4 31. Rxc4 Rd1+ 32. Kf2 Rb1 33. a4
Rb3 34. Rc8+ Kh7 35. Ra8 Rb2+ 36. Kg3 g5 37. Rxa5 Kg6 38. Ra6+ f6 39. b6 h5 40.
h3 h4+ 41. Kh2 f5 42. a5 Kh5 43. Ra8 Rb5 44. Rg8 1-0

[Event "4NCL Division 2b"]
[Site "De Vere, Staverton Park ENG"]
[Date "2013.02.23"]
[Round "5.86"]
[White "Lunn, Matthew"]
[Black "Wittmann, Jochen"]
[Result "1/2-1/2"]
[WhiteElo "2004"]
[BlackElo "2176"]
[PlyCount "32"]
[EventDate "2013.02.23"]
[WhiteTeam "KJCA Kings"]
[BlackTeam "Kings Head"]

1. d4 f5 2. g3 Nf6 3. Bg2 g6 4. Nf3 Bg7 5. O-O O-O 6. b3 d6 7. Bb2 c6 8. Nbd2
Qe8 9. c4 Na6 10. Qc2 h6 11. e4 Nxe4 12. Nxe4 fxe4 13. Qxe4 Bf5 14. Qe2 Qf7 15.
Nh4 Bd7 16. f4 Bf6 1/2-1/2

[Event "4NCL Division 2b"]
[Site "De Vere, Staverton Park ENG"]
[Date "2013.02.23"]
[Round "5.87"]
[White "Thomas, Rik H"]
[Black "Maguire, Robert"]
[Result "1/2-1/2"]
[WhiteElo "2183"]
[BlackElo "1956"]
[PlyCount "43"]
[EventDate "2013.02.23"]
[WhiteTeam "Kings Head"]
[BlackTeam "KJCA Kings"]

1. Nf3 Nf6 2. g3 g6 3. Bg2 Bg7 4. O-O d6 5. c4 O-O 6. Nc3 Nc6 7. b3 e5 8. Bb2
Ng4 9. h3 Nh6 10. d3 f5 11. Qd2 Nf7 12. Nd5 h6 13. Rfc1 Ne7 14. b4 c6 15. Nxe7+
Qxe7 16. a4 g5 17. b5 c5 18. e3 Nh8 19. a5 Rb8 20. Nh2 Ng6 21. d4 e4 22. f4
1/2-1/2

[Event "4NCL Division 2b"]
[Site "De Vere, Staverton Park ENG"]
[Date "2013.02.23"]
[Round "5.88"]
[White "Giles, Yasmin"]
[Black "Mackenzie, Colin"]
[Result "0-1"]
[WhiteElo "1863"]
[BlackElo "2091"]
[PlyCount "80"]
[EventDate "2013.02.23"]
[WhiteTeam "KJCA Kings"]
[BlackTeam "Kings Head"]

1. e4 e6 2. d4 d5 3. e5 c5 4. c3 Qb6 5. Nf3 Bd7 6. a3 Nc6 7. b4 cxd4 8. cxd4
Rc8 9. Bb2 Na5 10. Nbd2 Nc4 11. Bxc4 dxc4 12. Bc3 Ne7 13. Ne4 Nd5 14. Qd2 h6
15. O-O Be7 16. Qb2 O-O 17. Nfd2 Rfd8 18. f4 a5 19. Nc5 axb4 20. axb4 Bb5 21.
Nde4 Qc6 22. Nd2 b6 23. Nce4 Bxb4 24. Rfb1 Nxc3 25. Nxc3 Rxd4 26. Nf3 Qc5 27.
Nxd4 Qxd4+ 28. Kh1 Bxc3 29. Qxb5 Bxa1 30. Qa6 Rd8 31. Qxa1 Qxa1 32. Rxa1 c3 33.
Rc1 c2 34. g3 Rd1+ 35. Kg2 Rxc1 36. Kh3 Rg1 37. Kh4 c1=Q 38. Kh3 g5 39. f5 Qd1
40. fxe6 Qh5# 0-1

[Event "4NCL Division 2b"]
[Site "De Vere, Staverton Park ENG"]
[Date "2013.02.24"]
[Round "6.52"]
[White "Beaumont, Chris R"]
[Black "Wheeler, Darren P"]
[Result "0-1"]
[WhiteElo "2273"]
[BlackElo "2284"]
[PlyCount "79"]
[EventDate "2013.02.24"]
[WhiteTeam "Bristol 1"]
[BlackTeam "The AD's"]

1. c4 e6 2. Nf3 d5 3. g3 c5 4. Bg2 Nc6 5. O-O Nf6 6. cxd5 exd5 7. d4 Be7 8. Nc3
O-O 9. dxc5 Bxc5 10. Na4 Be7 11. Be3 Bg4 12. Rc1 Re8 13. Nc5 Qb6 14. b3 Bxc5
15. Bxc5 Qa6 16. Rc2 Rad8 17. Qd3 Qxd3 18. exd3 Rc8 19. Rfc1 Bf5 20. Bf1 h6 21.
Nd4 Nxd4 22. Bxd4 Rxc2 23. Rxc2 Re1 24. Kg2 Rxf1 25. Kxf1 Bxd3+ 26. Re2 a6 27.
Ke1 Bxe2 28. Kxe2 Nd7 29. f3 f6 30. f4 g6 31. Kd3 Kf7 32. h3 h5 33. g4 hxg4 34.
hxg4 Ke6 35. Ke3 Nb8 36. Bc5 Nc6 37. Kd3 f5 38. g5 Kd7 39. Ke3 Nd8 40. Bf8 {
White overstepped the time limit} 0-1